Guía para el sustentante. Examen general de conocimientos de la licenciatura en educación preescolar. EGC-LEPRE.

Tallennettuna:
Bibliografiset tiedot
Yhteisötekijät: Centro Nacional de Evaluación para la Educación Superior (CENEVAL), México. Secretaría de Educación Pública. Subsecretaría de Educación Media Superior
Aineistotyyppi: Kirja
Kieli:espanja
Painos:4a edición
Aiheet:
Linkit:Ver documento en línea
Tagit: Lisää tagi
Ei tageja, Lisää ensimmäinen tagi!

MARC

LEADER 00000nam^a2200000^u^4500
001 000513132
005 20260411000000.0
008 100623s1000^^^^^^^^^^^^r^^^^^000^0^spa^d
009 20260411194404.33
035 |a FCE 000057343 
037 |a Acervo ITESO - Biblioteca 
041 |a spa 
095 |a 35 
110 |a Centro Nacional de Evaluación para la Educación Superior (CENEVAL) 
245 1 0 |a Guía para el sustentante.  |b Examen general de conocimientos de la licenciatura en educación preescolar. EGC-LEPRE. 
250 |a 4a edición 
264 |a México:  |b SEP: CENEVAL,  |c 2007. 
336 |a texto  |b txt  |2 rdacontenido 
337 |a sin mediación  |b n  |2 rdamedio 
338 |a volumen  |b nc  |2 rdasoporte 
596 |a Archivo en formato PDF. 
596 |a Forma de Acceso: Internet vía la World Wide Web. 
596 |a Requerimientos del sistema. Internet connectivity, World Wide Web browser. 
649 |a XX 
650 |a Educación superior 
650 |a Examen 
650 |a Pruebas 
650 |a Guía para el estudiante 
710 |a México. Secretaría de Educación Pública. Subsecretaría de Educación Media Superior 
856 4 0 |u https://www.zona-bajio.com/GUIA_EGC_PRE.pdf  |y Ver documento en línea 
910 |a Fondo Centro de Estudios Educativos 
920 |a Impresos - Libros 
930 |a Fondos Especiales 
905 |a 133 
902 |a https://opac.biblio.iteso.mx/vufind/Record/000513132